01328cam a2200301 45000010005000000030008000050050017000130080039000300350014000690400023000830410008001060820020001141110071001342450119002052600054003243000044003785000073004225040030004956500029005256500024005547000036005787000033006147100082006479420012007299990015007419520132007569520138008886476BD-RjUL20211208234242.0110114s1969 stka b 100 0 eng a(BD-RjUL) aDLCcDLCdDLCbeng aeng00a401.9bPSY 19692 aEdinburgh University Conference on Psycholinguistics,d196992038510aPsycholinguistics papers;bthe proceedings of the 1966 Edinburgh Conference /cedited by J. Lyons and R. J. Wales. aEdinburgh,bEdinburgh U.P.c1966 [Reprinted 1969] a[9], 243 p.btables, diagr.c21 1/2 cm. a"Sponsored by the Research Board of the Faculty of Social Sciences." aBibliography: p. 223-239. 0aPsycholinguistics.95297 0aLinguistics.9203861 aLyons, John,d1932-eed.9203871 aWales, Roger J.,eed.9203882 aUniversity of Edinburgh.bFaculty of Social Sciences.bResearch Board.920389 2ddccBK c6476d6476 00102ddc40718NFICaRUCLbRUCLcreadingd1970-01-10eZeitg0.00l0o401.9 PSY 1969r2014-01-11 00:00:00tC-1w2014-01-11yBK 00102ddc40708NFICaRUCLbRUCLcStackd1971-01-30eZeithlingerg42.00l0o401.9 PSY 1969r2016-06-20 00:00:00tC-2w2016-06-20yBK